000 00635nam a2200205Ia 4500
001 8852
003 GE_BSU
008 181216s||||||||xx |||||||||||||| ||und||
040 _cGE_BSU
080 _a087.5:726.84(479.22-25)
100 _aკანდელაკი,ბორის
245 _aმთაწმინდა
245 _cპ/მ.რედ.შ.ხანთაძე, მხატვ. გ.ფოცხიშვილი
260 _aთბილისი
260 _bსაბლიტგამი
260 _c1955
300 _a64გვ.ილ.21სმ.
653 _aმთაწმინდა
942 _cBK
999 _c42159
_d42159